000 00441nam a2200181Ia 4500
001 3050
005 20260306144852.0
008 260306t2014||||xx |||||||||||||| ||spa||
041 _aESP
082 _a246.558
_bL52
100 _aLeturia Aranda, Javier,
_eAUT
245 0 _aLas cruces de Lima :
_bThe crosses of Lima
260 _c2014
300 _a163 páginas :
_c29 cm.
650 _aGEN
654 _aCHU
942 _cLIB
_dJUS
_fJUS
_2ddc
_n
999 _c3050
_d3050